000 00472nam a2200169Ia 4500
003 LK-CoDNM
005 20240726093501.0
008 010623t1934 xxu||||| |||| 00| 1 eng d
040 _aLK-CoDNM
_dLK-CoDNM
_eLK-CoDNM
041 _aeng
080 _a14
_bAA23
100 _aKirby,Percival.R.
245 _aThe Musucal Instruments of the Native Paces of South Africa
260 _bUniversity Press
_aLondon
_c1934
300 _bxix,358. ; ill . maps. ; 26 cm
942 _cBK
999 _c97141
_d97141